Vista normal
Vista MARC
- Jáudenes Casaubón, Carmen
Entrada Nombre de persona
Número de registros utilizados en: 27
001 - NÚMERO DE CONTROL
- campo de control: 346
003 - IDENTIFICADOR DEL NÚMERO DE CONTROL
- campo de control: ES-MaFIAP
005 - FECHA Y HORA DE LA ÚLTIMA TRANSACCIÓN
- campo de control: 20220922105132.0
008 - DATOS DE LONGITUD FIJA
- campo de control de longitud fija: 220922|| aca||aabn | a|a d
040 ## - FUENTE DE LA CATALOGACIÓN
- Centro catalogador/agencia de origen: ES-MaFIAP
- Centro/agencia transcriptor: ES-MaFIAP
100 ## - ENCABEZAMIENTO-NOMBRE DE PERSONA
- Nombre de persona: Jáudenes Casaubón, Carmen
670 ## - FUENTE DE DATOS ENCONTRADOS
- Cita de la fuente: Work cat.: (ES-MaFIAP)100: Sordera infantil [Texto impreso] :, 2011





